| 000 | 00770nam a2200229Ia 4500 | ||
|---|---|---|---|
| 999 |
_c38175 _d38175 |
||
| 005 | 20240530103303.0 | ||
| 008 | 140319s9999 xx 000 0 ara d | ||
| 017 | _bمصر. دار الكتب | ||
| 040 |
_aGCL / _cGCL |
||
| 082 | 0 | 4 |
_a301.22 _bح ص _221 |
| 100 | 1 | _aحسن عون | |
| 245 | 1 | 0 |
_aصور ملهمة من واقع المجتمع العربى / _cحسن عون |
| 300 | _a328 ص | ||
| 650 | 0 | 4 |
_aالعالم العربى _2qrmak |
| 650 | 0 | 4 |
_aتاريخ _2qrmak |
| 650 | 0 | 4 |
_aالحضارة العربية الاسلامية - المعارف البحرية _2qrmak |
| 650 | 0 | 4 |
_aالطب العربى _2qrmak |
| 650 | 0 | 4 |
_aالثقافة العربية _2qrmak |
| 650 | 0 | 4 |
_aالمجتمع العربى _2qrmak |
| 651 | _2qrmak | ||
| 942 |
_2ddc _cBK |
||